Impact of processing and marketing of natural rubber through Rubber producers societies (Record no. 60758)

MARC details
000 -LEADER
fixed length control field 00614nam a2200157Ia 4500
100 ## - MAIN ENTRY--AUTHOR NAME
Personal name Geevergees P V
245 #0 - TITLE STATEMENT
Title Impact of processing and marketing of natural rubber through Rubber producers societies
260 ## - PUBLICATION, DISTRIBUTION, ETC. (IMPRINT)
Name of publisher Global Competitiveness of Indian Rubber Plantation Industry : Rubber Planters Conference, India 2002. (Eds. C. Kuruvilla Jacob). Rubber Research Institute of India, Kottayam, Kerala, pp.374-379.
650 ## - SUBJECT ADDED ENTRY--TOPICAL TERM
Topical Term Marketing
650 ## - SUBJECT ADDED ENTRY--TOPICAL TERM
Topical Term Natural rubber
650 ## - SUBJECT ADDED ENTRY--TOPICAL TERM
Topical Term RPS
700 ## - ADDED ENTRY--PERSONAL NAME
Personal name Achuthankutty P
700 ## - ADDED ENTRY--PERSONAL NAME
Personal name James Mathews T
942 ## - ADDED ENTRY ELEMENTS (KOHA)
Koha item type Journals
Holdings
Withdrawn status Lost status Damaged status Not for loan Home library Current library Shelving location Date acquired Koha item type
      Journals RRII Library RRII Library Agricultural economics 01/01/2021 Journals